Statistics for Biggest Cities in Germany's Borders

Click here to take the quiz!

General Stats

  • This quiz has been taken 23 times
  • The average score is 12 of 14

Answer Stats

PopulationCity% Correct
2.25 milAmsterdam
100%
11.4 milParis
100%
1.47 milPrague
100%
2.25 milVienna
100%
2.33 milWarsaw
100%
1.75 milCopenhagen
96%
2.73 milBrussels
91%
1.47 milZurich
91%
1.23 milAntwerp
87%
2.00 milLyon
87%
1.69 milMarseille
87%
3.30 milRotterdam
83%
2.30 milKatowice
57%
1.31 milLille
48%

Score Distribution

Percentile by Number Answered

Percent of People with Each Score

Your Score History

You have not taken this quiz